00119 2200061 4500001002100000990001800021990001800039INLIS000000000000737 a001004.001741 a001004.001741